La seguridad jurídica
Salvato in:
| Autore principale: | |
|---|---|
| Natura: | Libro |
| Lingua: | spagnolo |
| Pubblicazione: |
Barcelona
Ariel
1991
|
| Serie: | Ariel Derecho
|
| Soggetti: | |
| Tags: |
Aggiungi Tag
Nessun Tag, puoi essere il primo ad aggiungerne!!
|
MARC
| LEADER | 00000cam a2200000 a 4500 | ||
|---|---|---|---|
| 001 | UCV2438 | ||
| 003 | CL-VaPUC | ||
| 008 | 920715e19910200SP |||||||||||||||||spa|d | ||
| 020 | |a 8434415666 | ||
| 082 | 0 | 4 | |a 340.11 |b PER |2 21 |
| 100 | 0 | |a Pérez Luño, Antonio Enrique |e author |9 296680 | |
| 245 | 1 | 3 | |a La seguridad jurídica |
| 300 | |a 118 p | ||
| 942 | |c BK | ||
| 945 | |d 19920715 00:00:00 | ||
| 260 | |a Barcelona |b Ariel |c 1991 | ||
| 650 | 0 | |a Seguridad jurídica |9 257802 | |
| 583 | |a last modification |c 20180824 10:04:43 |k Rodrigo Vera | ||
| 490 | 0 | |a Ariel Derecho | |
| 999 | |c 210007 |d 210005 | ||
| 952 | |0 0 |1 0 |4 0 |6 340_110000000000000_PER_1991 |7 0 |8 DER_TF |9 185935 |a BIBDER |b BIBDER |d 2019-11-14 |i 2534312 |o 340.11 PER 1991 |p 2534312 |r 2023-01-25 |w 2019-11-14 |x Ubicación 4to Piso |y BK |z Estos recursos deben solicitarse con anticipación |k DER | ||
| 952 | |0 0 |1 0 |3 erb |4 0 |6 340_110000000000000_PER_1991 |7 0 |8 A |9 185936 |a BIBDER |b BIBDER |e Mateluna Arestizabal, Alfredo Sergio |i 5489563 |l 1 |o 340.11 PER 1991 |p 5489563 |r 2024-10-23 |s 2024-10-17 |w 2019-11-14 |y BK |z Catalogado en:20180824 |k DER | ||